| 000 | 01347cam a22003497a 4500 | ||
|---|---|---|---|
| 005 | 20220817043035.0 | ||
| 008 | 971010s1979 r 00010 d | ||
| 010 | _a63667 | ||
| 011 | _a64639 | ||
| 035 | _a70574 | ||
| 082 |
_a631.0915 _bI2 |
||
| 100 | 0 | 0 |
_aIbarra Flores, Fernando A. _957168 |
| 245 | 0 | _aEstablecimiento de costilla de vaca Atriplex canescens (Pursh) Nutt. en forma directa bajo estructuras de poceo en condiciones áridas | |
| 260 |
_aSaltillo, Coah. : _bUniversidad Autónoma Agraria Antonio Narro, _c1979 |
||
| 300 | _a123 p. | ||
| 490 | 0 |
_aMonografía tecnico-científica _v; 5 |
|
| 590 |
_aBATCH-UPD _b10 _c20130110 _lUCH01 _h0118 |
||
| 590 |
_aBATCH-UPD _b10 _c20130110 _lUCH01 _h1651 |
||
| 590 |
_aBATCH-UPD _b10 _c20130410 _lUCH01 _h1040 |
||
| 590 |
_aBATCH-UPD _b10 _c20130914 _lUCH01 _h0322 |
||
| 590 |
_aBATCH-UPD _b10 _c20130914 _lUCH01 _h1959 |
||
| 590 |
_aCONVERSION _b10 _c20130109 _lUCH01 _h1334 |
||
| 650 | 1 | 4 |
_aAgricultura _xRegiones áridas. _91781 |
| 650 | 1 | 4 |
_aArbustos _xEfecto del medio ambiente. _96724 |
| 650 | 1 | 4 |
_aAtriplex canescens. _98274 |
| 650 | 1 | 4 |
_aRegiones áridas _xAgricultura. _995670 |
| 700 | 0 |
_aGarza C., Héctor M. _947013 |
|
| 700 | 0 |
_aLuna V., Reginaldo de. _969122 |
|
| 830 | 0 |
_aMonografía tecnico-científica _v; 5 |
|
| 901 | _aBK | ||
| 949 |
_a631.0915 I2 _bZA _cLIBRO _d-2938 _eLIBRO _i70574 _si |
||
| 999 |
_c63667 _d63667 |
||